000 00567nam a2200193 4500
005 20260522151805.0
010 _aENG-148613
020 _a9788178836584
_c275.00
035 _aEN-132145
037 _bDBAD
082 _a306.0954
_21
245 _aIndian Culture/
_cEdited By Atmashraddhananda
250 _a1
260 _aChennai
_bSri Ramakrishna Math
_c2013
270 _aSri Ramakrishna Math
_bMylapore, Chennai
_e600004
300 _a374p.
_c22cm(hb)
500 _aIts Ageless Charm and Timeless Appeal
942 _2ddc
_cEN
_h306.0954
_kIND
999 _c216355
_d216355